| 000 | 00357nam a2200121 4500 | ||
|---|---|---|---|
| 008 | 180219b xxu||||| |||| 00| 0 eng d | ||
| 100 |
_926629 _aMacabalang, Ali G. |
||
| 245 |
_aContrasting fates for Mindanao farmers/ _cAli G. Macabalang |
||
| 260 |
_aPhilippines _bManila Bulletin _cc2016 |
||
| 300 | _apage 14. | ||
| 650 | 0 |
_926630 _aDrought. |
|
| 942 |
_2ddc _cPER |
||
| 999 |
_c8733 _d8733 |
||